000 00558nam a2200217Ia 4500
003 OSt
005 20220928141728.0
006 a|||||r|||| 00| 0
007 ta
008 220927b |||||||| |||| 00| 0 eng d
024 _a17249
037 _cTextual
040 _aSDCL
_cSDCL
_beng
041 _2eng
_aeng
082 _aB36M3, J0
100 _aCourant R
_9476121
245 0 _aDirichlet's principles, conformal mapping, and minimal surfaces.
260 _c1950
942 _hB36M3, J0
_cTEXL
_2CC
999 _c819570
_d819570